| 000 | 00526nam a2200181Ia 4500 | ||
|---|---|---|---|
| 005 | 20250508151545.0 | ||
| 008 | 008 250505s9999 xx 000 0 eng d | ||
| 037 | _aTextual | ||
| 040 |
_aFEDL _beng _cFEDL |
||
| 041 |
_aeng _2eng |
||
| 084 |
_a371.426, INT _qFEDL |
||
| 245 | 0 | _aVocational training of adults in Belgium | |
| 260 |
_aGeneva _bInternational Labour Office _c1949 |
||
| 300 | _a79p | ||
| 490 | _aVocational training monograph; 2 | ||
| 942 |
_cTEXL _h371.426, INT |
||
| 999 |
_c1330608 _d1330608 |
||